00696nam a2200193 a 450000100100000000500170001000800410002702000150006804000250008308200160010810000300012424500650015426000490021930000210026850400730028904900090036295201140037199900170048500002008220200929170246.0100720s2005 cu 000 0 spa d a9590606725 aDO-SdBNPbspacBNPHU axxxxbM385n1 aMartínez, Osvaldo9606910aNeoliberalismo, ALCA y libre comercio /cOsvaldo Martínez. aLa Habana, Cuba :bCiencias sociales,c2005. a223 p. ;c18 cm. aIncluye referencias bilbiográficas y notas al pie de las páginas aBNPD 001050718MOaGRbGRcCTd2010-07-20iLF1l0oxxxx M385np20082-10r2020-06-25w2020-06-25y1ZNo se presta c19590d19590